| 000 | 00859nac a22002651u 4500 | ||
|---|---|---|---|
| 010 | _a 92013136 | ||
| 020 | _a0534154921 : | ||
| 082 | 0 | 0 |
_a658.473 _bMUR |
| 090 |
_c9587 _d9587 |
||
| 100 | _aMurphy, Kevin R., | ||
| 245 | 1 | 0 |
_aHonesty in the workplace / _cKevin R. Murphy. |
| 260 |
_aPacific Grove, Calif. : _bBrooks/Cole Pub. Co.,1993. _cc1993. |
||
| 300 |
_axiii, 252 p. : _bill. ; _c23 cm. |
||
| 440 | 0 | _aCypress series in work and science | |
| 500 | _aDistributer: Al-Ahram | ||
| 504 | _aIncludes bibliographical references and indexes. | ||
| 511 | _aCatalogued by: Sara | ||
| 650 | 0 | _aEmployee theft. | |
| 650 | 0 | _aEmployee crimes. | |
| 650 | 0 | _aWhite collar crimes. | |
| 650 | 0 | _aHonesty. | |
| 650 | 0 | _aCorporate culture. | |
| 650 | 0 |
_aIndustries _xSecurity measures. |
|
| 942 |
_cBB _k658.473MUR |
||
| 999 |
_c9587 _d9587 |
||